| 000 | 00629nam a2200169 i 4500 | ||
|---|---|---|---|
| 001 | bg | ||
| 003 | KOSZ 005 | ||
| 005 | 20200807115008.0 | ||
| 008 | s pl f |000 0 pol | ||
| 040 | _cBPK | ||
| 041 | _apol | ||
| 245 | 0 |
_aZarządzanie innowacyjne przedsiębiorstwem : _bmateriały X krajowej konferencji naukowej z cyklu "Dyrektor w procesie kierowania przedsiębiorstwem" / _cTowarzysstwo Naukowe Organizacji i Kierownictwa. |
|
| 260 |
_aBydgoszcz, _c1977. |
||
| 300 | _a17 zeszytów. | ||
| 856 |
_uhttp://koha.tu.koszalin.pl/cgi-bin/koha/opac-detail.pl?biblionumber=27790 _yKatalog online BPK |
||
| 942 |
_cKS _2UKD |
||
| 999 |
_c27790 _d27790 |
||